LEADER 01060nam a2200277 i 4500 001 991000820649707536 005 20020506124737.0 008 960310s1989 it ||| | ita 035 $ab10134219-39ule_inst 035 $aLE00637396$9ExL 040 $aDip.to Fisica$bita 084 $a52.9.5 084 $a520 100 1 $aSilvestro, Giovanni$0461150 245 10$aAstronomia /$cGiovanni Silvestro 260 $aTorino :$bLa Scientifica Editrice,$c1989 300 $axi, 246 p. :$bill. ;$c24 cm. 650 4$aAstronomia 907 $a.b10134219$b21-09-06$c27-06-02 912 $a991000820649707536 945 $aLE006 52.9.5 SIL$g2$i2006000171175$lle006$o-$pE0.00$q-$rl$s- $t0$u33$v0$w33$x0$y.i10157888$z27-06-02 945 $aLE006 52.9.5 SIL$g3$i2006000155502$lle006$o-$pE0.00$q-$rl$s- $t0$u32$v0$w32$x0$y.i1015789x$z27-06-02 945 $aLE006 52.9.5 SIL$g1$iLE006-7470$lle006$on$pE0.00$q-$rl$sm $t0$u0$v0$w0$x0$y.i10157906$z27-06-02 996 $aAstronomia$9185400 997 $aUNISALENTO 998 $ale006$b01-01-96$cm$da $e-$fita$git $h0$i3 LEADER 02804nas 2200805-a 450 001 996209195503316 005 20231006213016.0 011 $a1751-8830 035 $a(DE-599)ZDB2264535-4 035 $a(OCoLC)99933616 035 $a(CKB)1000000000277319 035 $a(CONSER)--2009250542 035 $a(EXLCZ)991000000000277319 100 $a20070328a20079999 --- a 101 0 $aeng 135 $aurun||||||||| 181 $ctxt$2rdacontent 182 $cc$2rdamedia 183 $acr$2rdacarrier 200 00$aIET science, measurement & technology 210 $a[Stevenage, UK] $cInstitution of Engineering and Technology$d©2007- 210 31$a[Hoboken N.J.] :$cJohn Wiley & Sons Inc. [on behalf of The Institution of Engineering and Technology] 215 $a1 online resource 300 $aRefereed/Peer-reviewed 311 $a1751-8822 330 $aPublishes papers in science, engineering and technology underpinning electronic and electrical engineering, nanotechnology and medical instrumentation. 517 1 $aIET science measurement and technology 517 1 $aInstitution of Engineering and Technology science, measurement & technology 517 1 $aInstitution of Engineering and Technology science, measurement and technology 531 $aIET SCI. MEAS. TECHNOL 531 $aIET 531 $aIET SCI MEAS TECHNOL 531 0 $aIET sci. meas. technol. 606 $aMeasurement$vPeriodicals 606 $aElectrical engineering$vPeriodicals 606 $aElectronics$vPeriodicals 606 $aNanotechnology$vPeriodicals 606 $aMesure$vPériodiques 606 $aGénie électrique$vPériodiques 606 $aÉlectronique$vPériodiques 606 $aElectrical engineering$2fast$3(OCoLC)fst01728596 606 $aElectronics$2fast$3(OCoLC)fst00907538 606 $aMeasurement$2fast$3(OCoLC)fst01715944 606 $aNanotechnology$2fast$3(OCoLC)fst01032639 606 $aEngineering$2ebps 606 $aMeasurement$2ebps 606 $aTechnology (General)$2ebps 606 $aScience (General)$2ebps 608 $aPeriodicals.$2fast 615 0$aMeasurement 615 0$aElectrical engineering 615 0$aElectronics 615 0$aNanotechnology 615 6$aMesure 615 6$aGénie électrique 615 6$aÉlectronique 615 7$aElectrical engineering. 615 7$aElectronics. 615 7$aMeasurement. 615 7$aNanotechnology. 615 7$aEngineering. 615 7$aMeasurement. 615 7$aTechnology (General) 615 7$aScience (General) 676 $a621 712 02$aInstitution of Engineering and Technology, 906 $aJOURNAL 912 $a996209195503316 996 $aIET science, measurement & technology$92162821 997 $aUNISA